|
|
|
|
| LEADER |
00612nab a2200181 i 4500 |
| 001 |
misc45193 |
| 005 |
20191106141015.0 |
| 008 |
180827s1997 hu o 0|| zxx d |
| 022 |
|
|
|a 1215-5233
|
| 040 |
|
|
|a SZTE Miscellanea Repozitórium
|b hun
|
| 041 |
|
|
|a zxx
|
| 100 |
1 |
|
|a Girán János
|
| 245 |
1 |
2 |
|a A cigány gyerekek iskolai sikertelenségének háttere [melléklet]
|h [elektronikus dokumentum] /
|c Girán János
|
| 260 |
|
|
|c 1997
|
| 300 |
|
|
|a 1-31
|
| 490 |
0 |
|
|a Iskolakultúra
|v 7 No. 10
|
| 700 |
0 |
1 |
|a Kardos Lajos
|e aut
|
| 856 |
4 |
0 |
|u http://misc.bibl.u-szeged.hu/45193/1/iskolakultura_1997_010_mell.pdf
|z Dokumentum-elérés
|